|
|
|
|
| LEADER |
00000cam a2200000 i 4500 |
| 001 |
1/89504 |
| 008 |
051118s2005 gr | ||| |||| ||gre|| |
| 020 |
|
|
|a 9605370751
|
| 035 |
|
|
|l 10081344
|
| 040 |
|
|
|a GR-MyUa
|b gre
|e AACR2
|
| 041 |
1 |
|
|a gre
|h eng
|
| 082 |
7 |
|
|a 813
|2 (22)
|
| 100 |
1 |
|
|a Burroughs, William S.,
|d 1914-1997.
|
| 245 |
1 |
2 |
|a Η γάτα μέσα μας =
|b The cat inside /
|c Ουίλιαμ Μπαρόουζ ; μετάφραση Αργυρώ Πιπίνη και Νίκη Προδρομίδου.
|
| 246 |
1 |
|
|i Παράλληλος τίτλος:
|a The cat inside
|
| 260 |
|
|
|a Αθήνα :
|b Απόπειρα,
|c 2005.
|
| 300 |
|
|
|a 111 σ. :
|b σχ. ;
|c 21 εκ.
|
| 500 |
|
|
|a Με σαραντα τέσσερα σχέδια του Διαμαντή Αϊδίνη.
|
| 650 |
|
0 |
|a American fiction.
|
| 852 |
|
|
|a INST
|b SYROS
|e 20051118
|h 813 BUR
|p 005500005097
|q 005500005097
|t BK
|y 0
|
| 901 |
|
|
|a BIBL5-2005-3
|
| 922 |
|
|
|a 5ΕΛΗ
|b 200511
|c Βιβλιοθήκη Σύρου
|d Σελεφαΐς
|
| 970 |
|
|
|a Κοντού
|b Παρασκευή
|z 16/12/2005
|